[Event "Manitoba-ch"]
[Site "Winnipeg CAN"]
[Date "1997.01.25"]
[Round "4"]
[White "Gentes, Kevin"]
[Black "Kollar, Frank"]
[Result "1-0"]
[WhiteElo "2384"]
[BlackElo "2222"]
[PlyCount "101"]
[GameId "2160767911999617"]
[EventDate "1997.01.04"]
[EventType "tourn"]
[EventRounds "9"]
[EventCountry "CAN"]
[SourceTitle "EXT 2001"]
[Source "ChessBase"]
[SourceDate "2000.11.22"]
[SourceVersion "1"]
[SourceVersionDate "2000.11.22"]
[SourceQuality "1"]

1. d4 d5 2. c4 e6 3. Nf3 Nf6 4. g3 c6 5. Nbd2 Nbd7 6. Bg2 Be7 7. O-O O-O 8. Qc2 b6 9. e4 dxe4 10. Nxe4 Bb7 11. Rd1 Qc8 12. Nc3 b5 13. c5 b4 14. Ne2 Nd5 15. Nf4 N7f6 16. Ne5 a5 17. Nc4 Bd8 18. Nd6 Qb8 19. Nxd5 Nxd5 20. Be4 h6 21. Nxb7 Qxb7 22. Qe2 Qd7 23. Bc2 a4 24. Qd3 f5 25. Bd2 Bf6 26. Qc4 Rfb8 27. Re1 Kf8 28. Rad1 Rb7 29. Bc1 b3 30. axb3 axb3 31. Bxb3 Rb4 32. Qc2 Bxd4 33. Bc4 Bf6 34. b3 Rab8 35. Bf4 Ra8 36. Bd6+ Kf7 37. Re2 Ra1 38. Rxa1 Bxa1 39. Bxd5 cxd5 40. c6 Qxd6 41. c7 Rb8 42. cxb8=Q Qxb8 43. Qc6 Be5 44. Qd7+ Kf6 45. b4 Qb6 46. b5 h5 47. Qe8 Bb8 48. Qf8+ Kg6 49. Qe7 e5 50. Qe8+ Kf6 51. Rc2 1-0

[Event "Manitoba-ch"]
[Site "Winnipeg CAN"]
[Date "1997.01.25"]
[Round "4"]
[White "Gibbons, Michael"]
[Black "Yoos, John"]
[Result "0-1"]
[WhiteElo "2073"]
[BlackElo "2409"]
[PlyCount "102"]
[GameId "2160767911999618"]
[EventDate "1997.01.04"]
[EventType "tourn"]
[EventRounds "9"]
[EventCountry "CAN"]
[SourceTitle "EXT 2001"]
[Source "ChessBase"]
[SourceDate "2000.11.22"]
[SourceVersion "1"]
[SourceVersionDate "2000.11.22"]
[SourceQuality "1"]

1. d4 g6 2. Nf3 Bg7 3. Nc3 d6 4. h3 a6 5. Bf4 b5 6. a3 Bb7 7. e3 Nf6 8. Be2 O-O 9. O-O Nbd7 10. Nd2 c5 11. Bf3 Bxf3 12. Qxf3 Qc7 13. Rad1 Rfc8 14. Rfe1 b4 15. Ne2 cxd4 16. exd4 Qxc2 17. Rc1 Qa4 18. b3 Qb5 19. a4 Qd5 20. Qe3 e5 21. dxe5 dxe5 22. Bh6 Rxc1 23. Nxc1 Bxh6 24. Qxh6 Rc8 25. Nc4 Nh5 26. Ne3 Qd2 27. Nd3 Qxd3 28. Rd1 Qxb3 29. Rxd7 Qxa4 30. Ra7 Qa1+ 31. Kh2 Qd4 32. Rxa6 Qf4+ 33. Qxf4 Nxf4 34. Rb6 Nd3 35. Nd5 Rc2 36. Kg3 Rxf2 37. Nxb4 Rb2 38. Nxd3 Rxb6 39. Nxe5 Kg7 40. Ng4 Rb3+ 41. Kf2 f5 42. Nh2 Kf6 43. Nf1 Ke5 44. Nh2 Kf4 45. Nf1 Rb2+ 46. Kg1 g5 47. Kh2 h5 48. Ng3 h4 49. Nh5+ Ke4 50. Kg1 f4 51. Kf1 Rb7 0-1

[Event "Manitoba-ch"]
[Site "Winnipeg CAN"]
[Date "1997.01.25"]
[Round "4"]
[White "Henson, Joshua"]
[Black "Schulz, Manfred"]
[Result "1-0"]
[WhiteElo "1981"]
[BlackElo "1979"]
[PlyCount "76"]
[GameId "2160767911999619"]
[EventDate "1997.01.04"]
[EventType "tourn"]
[EventRounds "9"]
[EventCountry "CAN"]
[SourceTitle "EXT 2001"]
[Source "ChessBase"]
[SourceDate "2000.11.22"]
[SourceVersion "1"]
[SourceVersionDate "2000.11.22"]
[SourceQuality "1"]

1. e4 c6 2. d4 d5 3. Nc3 dxe4 4. Nxe4 Nf6 5. Nxf6+ gxf6 6. Bf4 Bf5 7. Nf3 e6 8. Qd2 Bd6 9. Bxd6 Qxd6 10. O-O-O Nd7 11. Bd3 Bg4 12. Be2 O-O-O 13. Qa5 Kb8 14. Rd3 Qc7 15. Qxc7+ Kxc7 16. h3 Bf5 17. Ra3 a6 18. Bd3 Bxd3 19. Rxd3 Rhg8 20. g3 Rg6 21. Re1 Nb6 22. b3 Nd5 23. c4 Ne7 24. Red1 Nf5 25. d5 cxd5 26. cxd5 e5 27. g4 Nd6 28. Nd2 Kd7 29. Nc4 Rc8 30. Rc3 Ke7 31. Kb2 Rgg8 32. Rdc1 Ne4 33. d6+ Ke6 34. Rd3 Nc5 35. Rd2 Nd7 36. Rcd1 b5 37. Ne3 Rgd8 38. Nf5 Nc5 1-0

[Event "Manitoba-ch"]
[Site "Winnipeg CAN"]
[Date "1997.02.01"]
[Round "5"]
[White "Kollar, Frank"]
[Black "Henson, Joshua"]
[Result "1/2-1/2"]
[WhiteElo "2222"]
[BlackElo "1981"]
[PlyCount "62"]
[GameId "2160767911999621"]
[EventDate "1997.01.04"]
[EventType "tourn"]
[EventRounds "9"]
[EventCountry "CAN"]
[SourceTitle "EXT 2001"]
[Source "ChessBase"]
[SourceDate "2000.11.22"]
[SourceVersion "1"]
[SourceVersionDate "2000.11.22"]
[SourceQuality "1"]

1. e4 c5 2. Nf3 e6 3. d4 cxd4 4. Nxd4 Nf6 5. Nc3 d6 6. Bc4 Be7 7. f4 Nc6 8. Be3 O-O 9. O-O a6 10. Bb3 Qc7 11. f5 Nxd4 12. Bxd4 b5 13. fxe6 Bxe6 14. Nd5 Bxd5 15. exd5 Nd7 16. Qg4 Ne5 17. Qg3 Rae8 18. Rae1 Bd8 19. Rf5 Ng6 20. Ref1 Re4 21. Qd3 Qe7 22. c3 Re1 23. Bc2 Rxf1+ 24. Rxf1 Qb7 25. Qe4 Bb6 26. Bxb6 Qxb6+ 27. Kh1 Qd8 28. Re1 Qf6 29. Kg1 Rc8 30. Qd3 Qd8 31. Qf5 Rc7 1/2-1/2

[Event "Manitoba-ch"]
[Site "Winnipeg CAN"]
[Date "1997.02.01"]
[Round "5"]
[White "Langner, David"]
[Black "Gentes, Kevin"]
[Result "0-1"]
[WhiteElo "2179"]
[BlackElo "2384"]
[PlyCount "50"]
[GameId "2160767911999622"]
[EventDate "1997.01.04"]
[EventType "tourn"]
[EventRounds "9"]
[EventCountry "CAN"]
[SourceTitle "EXT 2001"]
[Source "ChessBase"]
[SourceDate "2000.11.22"]
[SourceVersion "1"]
[SourceVersionDate "2000.11.22"]
[SourceQuality "1"]

1. e4 e6 2. d4 d5 3. e5 c5 4. c3 Nc6 5. Nf3 Qb6 6. a3 c4 7. Nbd2 Na5 8. h4 Bd7 9. h5 h6 10. g3 Ne7 11. Nh4 O-O-O 12. Ng2 f6 13. f4 fxe5 14. fxe5 Rg8 15. Nf4 g5 16. hxg6 Nxg6 17. Nh5 Be7 18. Nf3 Rdf8 19. Bg2 Nb3 20. Rb1 Rf5 21. Qe2 Nxc1 22. Rxc1 Be8 23. Nf6 Bxf6 24. exf6 Rxf6 25. Rxh6 Nf4 0-1

[Event "Manitoba-ch"]
[Site "Winnipeg CAN"]
[Date "1997.02.01"]
[Round "5"]
[White "Schulz, Manfred"]
[Black "Gibbons, Michael"]
[Result "0-1"]
[WhiteElo "1979"]
[BlackElo "2073"]
[PlyCount "88"]
[GameId "2160767911999623"]
[EventDate "1997.01.04"]
[EventType "tourn"]
[EventRounds "9"]
[EventCountry "CAN"]
[SourceTitle "EXT 2001"]
[Source "ChessBase"]
[SourceDate "2000.11.22"]
[SourceVersion "1"]
[SourceVersionDate "2000.11.22"]
[SourceQuality "1"]

1. e4 d6 2. d4 Nf6 3. Nc3 g6 4. Nf3 Bg7 5. h3 O-O 6. Be3 Nbd7 7. Bc4 c5 8. e5 Ne8 9. e6 fxe6 10. Bxe6+ Kh8 11. Ng5 Qb6 12. Nd5 Qxb2 13. Nf7+ Rxf7 14. Bxf7 cxd4 15. Bd2 d3 16. c3 Qb5 17. O-O Ne5 18. a4 Qc4 19. Nb6 Qxf7 20. Nxa8 Qd5 21. f3 b6 22. Nxb6 axb6 23. Rb1 Nc4 24. Rb5 Qc6 25. Re1 e5 26. Bc1 Na5 27. Bd2 Nc7 28. Rb1 Nd5 29. Qc1 Nc4 30. Bh6 Qc7 31. h4 Qf7 32. Re4 Ba6 33. Bd2 h5 34. Bg5 Qf8 35. Rb3 Kh7 36. Qf1 Na5 37. Ra3 Bh6 38. Qc1 Nc4 39. Rb3 d2 40. Qd1 Bxg5 41. hxg5 Qc8 42. Kh2 Qc5 43. Qc2 Nde3 44. Rxe3 Nxe3 0-1

[Event "Manitoba-ch"]
[Site "Winnipeg CAN"]
[Date "1997.02.01"]
[Round "5"]
[White "Yoos, John"]
[Black "Bollenbach, Brad"]
[Result "1-0"]
[WhiteElo "2409"]
[BlackElo "2080"]
[PlyCount "95"]
[GameId "2160767911999624"]
[EventDate "1997.01.04"]
[EventType "tourn"]
[EventRounds "9"]
[EventCountry "CAN"]
[SourceTitle "EXT 2001"]
[Source "ChessBase"]
[SourceDate "2000.11.22"]
[SourceVersion "1"]
[SourceVersionDate "2000.11.22"]
[SourceQuality "1"]

1. e4 c5 2. Nf3 d6 3. c3 Nf6 4. Be2 Nc6 5. d4 cxd4 6. cxd4 e5 7. d5 Ne7 8. O-O g6 9. Ne1 Bg7 10. Be3 O-O 11. Nc3 a6 12. Rc1 Nd7 13. f3 f5 14. Qb3 f4 15. Bf2 g5 16. Qa3 Nf6 17. Na4 g4 18. Bb6 Qe8 19. Qxd6 Nexd5 20. Bc4 Qxa4 21. Bxd5+ Nxd5 22. Qxd5+ Kh8 23. Rc7 Qe8 24. Bc5 Rg8 25. Be7 Qg6 26. fxg4 Qb6+ 27. Qc5 Qxb2 28. Nd3 Qd4+ 29. Qxd4 exd4 30. Rxf4 Be6 31. a3 Rgc8 32. Rxb7 Rcb8 33. Rxb8+ Rxb8 34. e5 Bc4 35. Rxd4 Bxd3 36. Rxd3 Bxe5 37. Rd8+ Kg7 38. Rxb8 Bxb8 39. g3 Kg6 40. Kf2 Kf7 41. Bb4 Kg6 42. Kf3 Kf6 43. Ke4 Kg5 44. Kf3 Kf6 45. Bd2 Bd6 46. a4 Bc5 47. Ke4 Bg1 48. Be3 1-0

[Event "Manitoba-ch"]
[Site "Winnipeg CAN"]
[Date "1997.02.08"]
[Round "6"]
[White "Babb, Jeff"]
[Black "Yoos, John"]
[Result "0-1"]
[WhiteElo "2100"]
[BlackElo "2409"]
[PlyCount "138"]
[GameId "2160767911999625"]
[EventDate "1997.01.04"]
[EventType "tourn"]
[EventRounds "9"]
[EventCountry "CAN"]
[SourceTitle "EXT 2001"]
[Source "ChessBase"]
[SourceDate "2000.11.22"]
[SourceVersion "1"]
[SourceVersionDate "2000.11.22"]
[SourceQuality "1"]

1. e4 c5 2. Nc3 Nc6 3. g3 g6 4. Bg2 Bg7 5. d3 d6 6. Nh3 e6 7. Be3 Nge7 8. Qd2 h6 9. O-O b6 10. Rae1 Bb7 11. f4 f5 12. Bf2 Qd7 13. exf5 Nxf5 14. Rxe6+ Qxe6 15. Re1 Be5 16. fxe5 O-O-O 17. Nf4 Qg8 18. exd6 g5 19. Nh5 Qf7 20. Bd5 Qxh5 21. Be6+ Kb8 22. Bxf5 Qf7 23. g4 h5 24. d7 Nd4 25. Bxd4 cxd4 26. Ne4 Qd5 27. Qxg5 hxg4 28. Qf4+ Ka8 29. Bxg4 Rdg8 30. h3 Qxd7 31. Qf8+ Bc8 32. Qf3 Qc6 33. Rf1 Bb7 34. Rf2 Qh6 35. Qf4 Qxh3 36. Qf8+ Rxf8 37. Rxf8+ Rxf8 38. Bxh3 Rf7 39. Be6 Rc7 40. Bb3 a5 41. a4 Re7 42. Kf2 Bc6 43. Nd6 Bd7 44. Bd5+ Kb8 45. b3 Kc7 46. Ne4 Bf5 47. Nd2 Kd6 48. Be4 Be6 49. Ke1 Kc5 50. Kd1 Kb4 51. Kc1 Rf7 52. Bc6 Rc7 53. Bb5 Ka3 54. Bc4 Rh7 55. Nf3 Bxc4 56. dxc4 d3 57. Nd4 dxc2 58. Kxc2 Rh3 59. Nb5+ Kb4 60. Nd4 Rh2+ 61. Kd3 Rb2 62. Nc6+ Kxb3 63. c5 Kxa4 64. cxb6 Rxb6 65. Ne5 Rb5 66. Nc4 Kb4 67. Ne3 Rc5 68. Kd4 Rc1 69. Nd5+ Kb3 0-1

[Event "Manitoba-ch"]
[Site "Winnipeg CAN"]
[Date "1997.02.08"]
[Round "6"]
[White "Gentes, Kevin"]
[Black "Baragar, Fletcher"]
[Result "1/2-1/2"]
[WhiteElo "2384"]
[BlackElo "2382"]
[PlyCount "65"]
[GameId "2160767911999626"]
[EventDate "1997.01.04"]
[EventType "tourn"]
[EventRounds "9"]
[EventCountry "CAN"]
[SourceTitle "EXT 2001"]
[Source "ChessBase"]
[SourceDate "2000.11.22"]
[SourceVersion "1"]
[SourceVersionDate "2000.11.22"]
[SourceQuality "1"]

1. d4 Nf6 2. c4 e6 3. Nf3 b6 4. a3 Bb7 5. Nc3 d5 6. cxd5 Nxd5 7. Qa4+ Qd7 8. Qc2 Nxc3 9. bxc3 Bd6 10. e4 c5 11. Bd3 Ba6 12. O-O Bxd3 13. Qxd3 cxd4 14. cxd4 O-O 15. Bb2 Nc6 16. d5 exd5 17. exd5 Ne7 18. Qd4 f6 19. Rad1 Rac8 20. Qe4 Rfd8 21. Nd4 Be5 22. f4 Bxd4+ 23. Rxd4 Nf5 24. Rd2 Re8 25. Qf3 Nd6 26. Ba1 Rc4 27. Rd4 Rxd4 28. Bxd4 Qa4 29. Bf2 Qe4 30. Qh5 Qd3 31. a4 a6 32. Qd1 Qxd1 33. Rxd1 1/2-1/2

[Event "Manitoba-ch"]
[Site "Winnipeg CAN"]
[Date "1997.02.08"]
[Round "6"]
[White "Gibbons, Michael"]
[Black "Bollenbach, Brad"]
[Result "0-1"]
[WhiteElo "2073"]
[BlackElo "2080"]
[PlyCount "70"]
[GameId "2160767911999627"]
[EventDate "1997.01.04"]
[EventType "tourn"]
[EventRounds "9"]
[EventCountry "CAN"]
[SourceTitle "EXT 2001"]
[Source "ChessBase"]
[SourceDate "2000.11.22"]
[SourceVersion "1"]
[SourceVersionDate "2000.11.22"]
[SourceQuality "1"]

1. d4 Nf6 2. Nf3 g6 3. Nc3 Bg7 4. e4 d6 5. Be2 c5 6. dxc5 Qa5 7. O-O Qxc5 8. Be3 Qc7 9. Nd4 Nc6 10. Qd2 O-O 11. Rad1 Bd7 12. f3 a6 13. a4 Ne5 14. b3 Be6 15. Rfe1 Rac8 16. Na2 d5 17. exd5 Bxd5 18. c4 Bc6 19. Qb4 Bd7 20. Bf1 Rfe8 21. Kh1 Bf8 22. Qd2 Nc6 23. Qf2 e5 24. Nxc6 Qxc6 25. Rd2 e4 26. Bd4 exf3 27. Bxf6 Rxe1 28. Qxe1 Bh3 29. Bc3 Re8 30. Qf2 fxg2+ 31. Bxg2 Bxg2+ 32. Kg1 Bc5 33. Bd4 Bxd4 34. Rxd4 Bh3 35. Nb4 Re1+ 0-1

[Event "Manitoba-ch"]
[Site "Winnipeg CAN"]
[Date "1997.02.08"]
[Round "6"]
[White "Henson, Joshua"]
[Black "Langner, David"]
[Result "0-1"]
[WhiteElo "1981"]
[BlackElo "2179"]
[PlyCount "92"]
[GameId "2160767911999628"]
[EventDate "1997.01.04"]
[EventType "tourn"]
[EventRounds "9"]
[EventCountry "CAN"]
[SourceTitle "EXT 2001"]
[Source "ChessBase"]
[SourceDate "2000.11.22"]
[SourceVersion "1"]
[SourceVersionDate "2000.11.22"]
[SourceQuality "1"]

1. e4 c5 2. Nf3 a6 3. c4 Nc6 4. d4 cxd4 5. Nxd4 Nf6 6. Nc3 d6 7. Be2 e6 8. Be3 Be7 9. O-O O-O 10. Qd2 Bd7 11. f4 Rc8 12. Rad1 e5 13. Nf5 Bxf5 14. exf5 Nd4 15. Bxd4 exd4 16. Qxd4 d5 17. Kh1 Bc5 18. Qd2 dxc4 19. Qxd8 Rfxd8 20. Rxd8+ Rxd8 21. Bxc4 Ng4 22. Ne4 Bb6 23. h3 Ne3 24. Rc1 Nxf5 25. Ng5 Nd6 26. Bb3 h6 27. Nf3 Be3 28. Rc7 Bxf4 29. Re7 Kf8 30. Re1 Bg3 31. Re2 Rc8 32. Rc2 Re8 33. Rc7 Re2 34. Rc2 Re3 35. Rc7 g5 36. Rc1 Bf4 37. Rc2 h5 38. Rc3 Re7 39. g3 Bxg3 40. Nxg5 h4 41. Rc2 Nf5 42. Rc8+ Kg7 43. Nxf7 Re1+ 44. Kg2 Re2+ 45. Kf1 Rf2+ 46. Kg1 Nd4 0-1

[Event "Manitoba-ch"]
[Site "Winnipeg CAN"]
[Date "1997.02.08"]
[Round "6"]
[White "Schulz, Manfred"]
[Black "Kollar, Frank"]
[Result "1/2-1/2"]
[WhiteElo "1979"]
[BlackElo "2222"]
[PlyCount "39"]
[GameId "2160767911999629"]
[EventDate "1997.01.04"]
[EventType "tourn"]
[EventRounds "9"]
[EventCountry "CAN"]
[SourceTitle "EXT 2001"]
[Source "ChessBase"]
[SourceDate "2000.11.22"]
[SourceVersion "1"]
[SourceVersionDate "2000.11.22"]
[SourceQuality "1"]

1. e4 e5 2. Nf3 Nc6 3. Nc3 Nf6 4. Bb5 Bc5 5. Nxe5 Bxf2+ 6. Kxf2 Nxe5 7. d4 Neg4+ 8. Kg1 c6 9. Be2 h5 10. h3 Nh6 11. Bg5 d6 12. Qd3 Qe7 13. Rf1 Bd7 14. Qe3 O-O-O 15. e5 Rde8 16. exf6 Qxe3+ 17. Bxe3 Rxe3 18. fxg7 Rg8 19. Rf6 Re6 20. Rf4 1/2-1/2

[Event "Manitoba-ch"]
[Site "Winnipeg CAN"]
[Date "1997.02.15"]
[Round "7"]
[White "Baragar, Fletcher"]
[Black "Henson, Joshua"]
[Result "1-0"]
[WhiteElo "2382"]
[BlackElo "1981"]
[PlyCount "93"]
[GameId "2160767911999630"]
[EventDate "1997.01.04"]
[EventType "tourn"]
[EventRounds "9"]
[EventCountry "CAN"]
[SourceTitle "EXT 2001"]
[Source "ChessBase"]
[SourceDate "2000.11.22"]
[SourceVersion "1"]
[SourceVersionDate "2000.11.22"]
[SourceQuality "1"]

1. d4 Nf6 2. c4 e6 3. Nc3 Bb4 4. e3 O-O 5. Bd3 d5 6. Nf3 c5 7. O-O dxc4 8. Bxc4 cxd4 9. exd4 b6 10. Bg5 Bb7 11. Rc1 Nbd7 12. Re1 Rc8 13. Bb3 h6 14. Bh4 Bxc3 15. bxc3 b5 16. Ne5 Nxe5 17. Rxe5 a6 18. Qd3 Qe7 19. Bc2 g6 20. Rce1 Rcd8 21. Qg3 Rd5 22. Bb3 Qd8 23. Bxd5 Bxd5 24. Qf4 Kg7 25. a3 Bc4 26. Bxf6+ Qxf6 27. Qxf6+ Kxf6 28. Rc5 Bd5 29. f3 Rd8 30. Rc7 Rb8 31. Rb1 Rb6 32. a4 Rc6 33. Rxc6 Bxc6 34. axb5 axb5 35. Ra1 Bd5 36. Ra6 Bc4 37. Rc6 Ke7 38. Rc7+ Kf6 39. Kf2 Bd5 40. Ke3 Bc4 41. Kd2 Bd5 42. Kd3 Bc4+ 43. Rxc4 bxc4+ 44. Kxc4 Ke7 45. Kc5 Kd7 46. Kb6 Kc8 47. Kc6 1-0

[Event "Manitoba-ch"]
[Site "Winnipeg CAN"]
[Date "1997.02.15"]
[Round "7"]
[White "Bollenbach, Brad"]
[Black "Babb, Jeff"]
[Result "1/2-1/2"]
[WhiteElo "2080"]
[BlackElo "2100"]
[PlyCount "79"]
[GameId "2160767911999631"]
[EventDate "1997.01.04"]
[EventType "tourn"]
[EventRounds "9"]
[EventCountry "CAN"]
[SourceTitle "EXT 2001"]
[Source "ChessBase"]
[SourceDate "2000.11.22"]
[SourceVersion "1"]
[SourceVersionDate "2000.11.22"]
[SourceQuality "1"]

1. e4 e5 2. Nf3 Nc6 3. Bb5 a6 4. Ba4 Nf6 5. O-O Nxe4 6. d4 b5 7. Bb3 d5 8. dxe5 Be6 9. c3 Bc5 10. Nbd2 O-O 11. Bc2 Bf5 12. Nb3 Bg6 13. Nfd4 Bxd4 14. Nxd4 Qd7 15. f4 Nxd4 16. cxd4 f6 17. Be3 Rad8 18. a4 fxe5 19. fxe5 Rxf1+ 20. Qxf1 Rf8 21. Qe2 c6 22. Rf1 Rxf1+ 23. Qxf1 Qf5 24. Qxf5 Bxf5 25. Bxe4 dxe4 26. axb5 axb5 27. Kf2 Kf7 28. Bd2 Ke6 29. Ke3 Kd5 30. b4 Bg6 31. Be1 Kc4 32. Bd2 Bf5 33. Be1 g6 34. h4 h5 35. Bd2 Kd5 36. Be1 Bg4 37. Bd2 Bd1 38. g3 Bg4 39. Be1 Bf3 40. Bd2 1/2-1/2

[Event "Manitoba-ch"]
[Site "Winnipeg CAN"]
[Date "1997.02.15"]
[Round "7"]
[White "Kollar, Frank"]
[Black "Gibbons, Michael"]
[Result "1/2-1/2"]
[WhiteElo "2222"]
[BlackElo "2073"]
[PlyCount "90"]
[GameId "2160767911999632"]
[EventDate "1997.01.04"]
[EventType "tourn"]
[EventRounds "9"]
[EventCountry "CAN"]
[SourceTitle "EXT 2001"]
[Source "ChessBase"]
[SourceDate "2000.11.22"]
[SourceVersion "1"]
[SourceVersionDate "2000.11.22"]
[SourceQuality "1"]

1. d4 d6 2. e4 Nf6 3. Nc3 g6 4. f4 Bg7 5. Nf3 c5 6. dxc5 Qa5 7. Bd3 Qxc5 8. Qe2 a6 9. Be3 Qc7 10. h3 Nc6 11. O-O O-O 12. Rae1 e6 13. Qf2 Nd7 14. Qh4 Ne7 15. Qxe7 Bf6 16. Qxf8+ Nxf8 17. e5 Be7 18. exd6 Bxd6 19. Ne4 Be7 20. Ne5 Nd7 21. Bd4 Nc5 22. Rd1 Nxe4 23. Bxe4 Bc5 24. Kh1 Bxd4 25. Rxd4 f6 26. Nc4 Bd7 27. Rfd1 Bc6 28. Bxc6 Qxc6 29. c3 Re8 30. Ne3 e5 31. Rd6 Qa4 32. Ng4 Rf8 33. fxe5 fxe5 34. Nxe5 Qb5 35. Nd3 Qh5 36. Re1 g5 37. Rd5 Qh4 38. Ree5 h6 39. Rd4 Qg3 40. Kg1 Rf3 41. Rd8+ Kf7 42. Rd7+ Kf6 43. Rd6+ Kf7 44. Rd7+ Kf6 45. Rd6+ Kf7 1/2-1/2

[Event "Manitoba-ch"]
[Site "Winnipeg CAN"]
[Date "1997.02.15"]
[Round "7"]
[White "Langner, David"]
[Black "Schulz, Manfred"]
[Result "1-0"]
[WhiteElo "2179"]
[BlackElo "1979"]
[PlyCount "67"]
[GameId "2160767911999633"]
[EventDate "1997.01.04"]
[EventType "tourn"]
[EventRounds "9"]
[EventCountry "CAN"]
[SourceTitle "EXT 2001"]
[Source "ChessBase"]
[SourceDate "2000.11.22"]
[SourceVersion "1"]
[SourceVersionDate "2000.11.22"]
[SourceQuality "1"]

1. e4 c6 2. d4 d5 3. exd5 cxd5 4. c4 Nf6 5. Nc3 Nc6 6. Nf3 Be6 7. c5 g6 8. Bb5 Bg7 9. Ne5 Bd7 10. Nxd7 Qxd7 11. O-O O-O 12. Be3 Rad8 13. Qa4 Qc7 14. Be2 e5 15. Nb5 Qb8 16. dxe5 Qxe5 17. Nd4 Qc7 18. Rac1 Nd7 19. Rfd1 a6 20. Nxc6 bxc6 21. b4 Ra8 22. Qb3 Nf6 23. a4 Rfe8 24. Qc2 Ne4 25. Bf1 Rad8 26. Bd4 Bxd4 27. Rxd4 Qe5 28. Rcd1 Ra8 29. b5 axb5 30. axb5 cxb5 31. Bxb5 Red8 32. c6 Rac8 33. Ba6 Ra8 34. c7 1-0

[Event "Manitoba-ch"]
[Site "Winnipeg CAN"]
[Date "1997.02.15"]
[Round "7"]
[White "Yoos, John"]
[Black "Gentes, Kevin"]
[Result "1-0"]
[WhiteElo "2409"]
[BlackElo "2384"]
[PlyCount "89"]
[GameId "2160767911999634"]
[EventDate "1997.01.04"]
[EventType "tourn"]
[EventRounds "9"]
[EventCountry "CAN"]
[SourceTitle "EXT 2001"]
[Source "ChessBase"]
[SourceDate "2000.11.22"]
[SourceVersion "1"]
[SourceVersionDate "2000.11.22"]
[SourceQuality "1"]

1. e4 e6 2. d4 d5 3. e5 c5 4. c3 Nc6 5. Nf3 Qb6 6. a3 c4 7. Nbd2 Na5 8. Be2 Bd7 9. O-O Ne7 10. Re1 h6 11. Rb1 O-O-O 12. Qc2 g5 13. Nf1 Ng6 14. h3 Qb3 15. Bd1 Qxc2 16. Bxc2 Nc6 17. Ng3 Nce7 18. Nh5 Bc6 19. Nh2 Nf5 20. Ng4 Ng7 21. Ngf6 Nxh5 22. Nxh5 Be7 23. g3 Rhg8 24. Bd1 Bd7 25. Bg4 Nf8 26. Re2 Nh7 27. Kh2 Rde8 28. Bd2 Rg6 29. Rbe1 Bd8 30. f4 gxf4 31. Nxf4 Rg7 32. Nh5 Rg6 33. Rf2 Rf8 34. Bd1 Ng5 35. Bc2 Rgg8 36. h4 Ne4 37. Bxe4 dxe4 38. Rxe4 Bc6 39. Re1 Rg4 40. Rf4 Rxf4 41. Nxf4 Rg8 42. Rf1 Be4 43. Rf2 Rg4 44. Ng2 h5 45. Ne3 1-0

[Event "Manitoba-ch"]
[Site "Winnipeg CAN"]
[Date "1997.02.22"]
[Round "8"]
[White "Gentes, Kevin"]
[Black "Bollenbach, Brad"]
[Result "1-0"]
[WhiteElo "2384"]
[BlackElo "2080"]
[PlyCount "57"]
[GameId "2160767912007827"]
[EventDate "1997.01.04"]
[EventType "tourn"]
[EventRounds "9"]
[EventCountry "CAN"]
[SourceTitle "EXT 2001"]
[Source "ChessBase"]
[SourceDate "2000.11.22"]
[SourceVersion "1"]
[SourceVersionDate "2000.11.22"]
[SourceQuality "1"]

1. Nf3 Nf6 2. d4 g6 3. c4 Bg7 4. Nc3 O-O 5. Bf4 d6 6. h3 Nfd7 7. e3 e5 8. Bh2 Nc6 9. Be2 f5 10. dxe5 Ndxe5 11. O-O Be6 12. Nd5 Kh8 13. Nd2 Ne7 14. Nf4 Bd7 15. Nb3 g5 16. Nh5 N7c6 17. Nxg7 Kxg7 18. c5 f4 19. cxd6 Bxh3 20. gxh3 f3 21. Bb5 Rf4 22. Bxc6 bxc6 23. exf4 Qd7 24. f5 Qxf5 25. Bxe5+ Kh6 26. Nd4 Qxe5 27. Qxf3 Qxd4 28. Qxc6 Rg8 29. dxc7+ 1-0

[Event "Manitoba-ch"]
[Site "Winnipeg CAN"]
[Date "1997.02.22"]
[Round "8"]
[White "Gibbons, Michael"]
[Black "Babb, Jeff"]
[Result "0-1"]
[WhiteElo "2073"]
[BlackElo "2100"]
[PlyCount "62"]
[GameId "2160767912007828"]
[EventDate "1997.01.04"]
[EventType "tourn"]
[EventRounds "9"]
[EventCountry "CAN"]
[SourceTitle "EXT 2001"]
[Source "ChessBase"]
[SourceDate "2000.11.22"]
[SourceVersion "1"]
[SourceVersionDate "2000.11.22"]
[SourceQuality "1"]

1. Nf3 Nc6 2. c4 e5 3. b3 e4 4. Ng1 f5 5. Bb2 Nf6 6. d4 Bb4+ 7. Bc3 e3 8. Nh3 d5 9. fxe3 Ng4 10. Qd2 Bd6 11. Nf4 O-O 12. g3 g5 13. h3 Nf6 14. c5 Ne4 15. Qd3 gxf4 16. cxd6 fxg3 17. Rg1 Qxd6 18. Bg2 a6 19. Nd2 Rf7 20. a3 Rg7 21. Qc2 Qh6 22. Nxe4 fxe4 23. Bxe4 Ne7 24. Bg2 Qxe3 25. Rf1 c6 26. Bd2 Qe6 27. Bf4 Nf5 28. Qd3 Nh4 29. Rg1 Nxg2+ 30. Rxg2 Qxh3 31. Qxg3 Qxg2 0-1

[Event "Manitoba-ch"]
[Site "Winnipeg CAN"]
[Date "1997.02.22"]
[Round "8"]
[White "Henson, Joshua"]
[Black "Yoos, John"]
[Result "0-1"]
[WhiteElo "1981"]
[BlackElo "2409"]
[PlyCount "90"]
[GameId "2160767912007829"]
[EventDate "1997.01.04"]
[EventType "tourn"]
[EventRounds "9"]
[EventCountry "CAN"]
[SourceTitle "EXT 2001"]
[Source "ChessBase"]
[SourceDate "2000.11.22"]
[SourceVersion "1"]
[SourceVersionDate "2000.11.22"]
[SourceQuality "1"]

1. e4 c5 2. Nf3 e6 3. d4 cxd4 4. Nxd4 Nf6 5. Nc3 Nc6 6. Be2 Bb4 7. O-O Bxc3 8. bxc3 Nxe4 9. Bd3 d5 10. Ba3 Qa5 11. Nb5 a6 12. Nd6+ Nxd6 13. Bxd6 Qd8 14. Ba3 e5 15. Qh5 Be6 16. Rfe1 Qd7 17. Rab1 h6 18. Qd1 b5 19. Bc5 e4 20. Bf1 Ne7 21. a4 O-O 22. axb5 axb5 23. Bxb5 Qc7 24. Bxe7 Qxe7 25. c4 dxc4 26. Rxe4 Qc5 27. Qe1 Ra2 28. Qc3 Rb8 29. Re5 Ra3 30. Qe1 Qc7 31. Ra1 Rxa1 32. Qxa1 Rb6 33. Qd4 Rd6 34. Qa1 Rb6 35. Qd4 Qb8 36. Qc5 Rd6 37. g4 Rd1+ 38. Kg2 Qa8+ 39. Bc6 Qa1 40. Kg3 Rg1+ 41. Bg2 Qc3+ 42. f3 Rc1 43. Re2 Rxc2 44. Qf2 Rxe2 45. Qxe2 Qb3 0-1

[Event "Manitoba-ch"]
[Site "Winnipeg CAN"]
[Date "1997.02.22"]
[Round "8"]
[White "Kollar, Frank"]
[Black "Langner, David"]
[Result "0-1"]
[WhiteElo "2222"]
[BlackElo "2179"]
[PlyCount "40"]
[GameId "2160767912007830"]
[EventDate "1997.01.04"]
[EventType "tourn"]
[EventRounds "9"]
[EventCountry "CAN"]
[SourceTitle "EXT 2001"]
[Source "ChessBase"]
[SourceDate "2000.11.22"]
[SourceVersion "1"]
[SourceVersionDate "2000.11.22"]
[SourceQuality "1"]

1. d4 d5 2. Nf3 e6 3. Bf4 c5 4. c3 Nc6 5. e3 Nf6 6. Nbd2 Be7 7. Bd3 Qb6 8. Rb1 O-O 9. Ne5 Rd8 10. Ndf3 Bd7 11. g4 Nxe5 12. dxe5 Ne4 13. Qe2 a6 14. h4 Bb5 15. c4 Bxc4 16. Bxc4 Qb4+ 17. Kf1 Qxc4 18. Qxc4 dxc4 19. Ke2 c3 20. Rhc1 Nd2 0-1